[Event "SVK-chT4 A22 1718"]
[Site "Slovakia"]
[Date "2017.11.26"]
[Round "5.3"]
[White "Zigo, Rastislav"]
[Black "Meszaros, Lorant"]
[Result "1-0"]
[WhiteElo "1959"]
[BlackElo "1953"]
[PlyCount "119"]
[EventDate "2017.10.01"]
[EventType "team-tourn"]
[EventRounds "11"]
[EventCountry "SVK"]
[SourceTitle "EXT 2020"]
[Source "ChessBase"]
[SourceDate "2019.10.17"]
[SourceVersion "1"]
[SourceVersionDate "2019.10.17"]
[SourceQuality "1"]

1. e4 e5 2. Nf3 Nc6 3. Bb5 a6 4. Ba4 Nf6 5. 0-0 Be7 6. Re1 b5 7. Bb3 d6 8. c3 0-0 9. h3 Nd7 10. d3 Na5 11. Bc2 c5 12. Nbd2 Nc6 13. Nf1 Re8 14. Ng3 g6 15. Bh6 Nf8 16. Qd2 Ne6 17. Bb3 a5 18. a4 b4 19. Bd5 Ra6 20. Nf1 Bf6 21. Bc4 Rb6 22. Ne3 Ng5 23. Nh2 Bg7 24. Bxg7 Kxg7 25. Nd5 Rb7 26. Ba6 h5 27. Bxb7 Bxb7 28. Qe3 Nb8 29. cxb4 f5 30. bxc5 f4 31. Qe2 dxc5 32. Nc3 Nc6 33. Nb5 Ba6 34. Nf3 Ne6 35. Qc2 g5 36. Qc3 Qb8 37. Red1 Kg6 38. Rd2 g4 39. hxg4 hxg4 40. Nh4+ Kf6 41. Nf5 Rd8 42. Qb3 Rd7 43. Ra3 Nb4 44. Qd1 Kg5 45. Rc3 Rh7 46. g3 f3 47. Nbd6 Qh8 48. Nh4 Qf8 49. Ndf5 Nd4 50. Nxd4 cxd4 51. Qb3 dxc3 52. bxc3 Nc6 53. Qb6 Qc8 54. d4 Rxh4 55. gxh4+ Kxh4 56. d5 Kg5 57. dxc6 Qh8 58. Qd8+ Qxd8 59. Rxd8 Kf4 60. c7 1-0

[Event "SVK-chT2A 1617"]
[Site "Slovakia"]
[Date "2017.03.12"]
[Round "11.6"]
[White "Veselsky, Jozef"]
[Black "Zigo, Rastislav"]
[Result "1-0"]
[WhiteElo "2081"]
[BlackElo "1998"]
[PlyCount "75"]
[EventDate "2016.10.08"]
[EventType "team-tourn"]
[EventRounds "11"]
[EventCountry "SVK"]
[SourceTitle "EXT 2018"]
[Source "ChessBase"]
[SourceDate "2017.10.13"]
[SourceVersion "1"]
[SourceVersionDate "2017.10.13"]
[SourceQuality "1"]
[WhiteTeam "Potonska Veza"]
[BlackTeam "Sered MSK"]
[WhiteTeamCountry "SVK"]
[BlackTeamCountry "SVK"]

1. d4 d5 2. Nf3 Nf6 3. c4 e6 4. Nc3 Be7 5. Bg5 0-0 6. e3 c6 7. Bd3 Nbd7 8. 0-0 a6 9. b3 h6 10. Bh4 Nh5 11. Bxe7 Qxe7 12. Nd2 Nhf6 13. Rc1 e5 14. cxd5 cxd5 15. dxe5 Nxe5 16. Be2 Rd8 17. Nf3 b5 18. Qd4 Ng6 19. Rfd1 Bb7 20. Nh4 Nxh4 21. Qxh4 Qe5 22. Bf3 Rac8 23. Rd4 b4 24. Ne2 Rxc1+ 25. Nxc1 Qc7 26. Nd3 a5 27. g4 Re8 28. Qg3 Qc2 29. h4 Ba6 30. g5 hxg5 31. hxg5 Ne4 32. Bxe4 dxe4 33. Ne5 Qc1+ 34. Kh2 Qc7 35. Nc4 Qc5 36. Nd6 Rf8 37. Nxe4 Qf5 38. Nf6+ 1-0

[Event "SVK-chT2A 1617"]
[Site "Slovakia"]
[Date "2017.02.11"]
[Round "8.6"]
[White "Zigo, Rastislav"]
[Black "Cambel, Vladimir"]
[Result "1/2-1/2"]
[WhiteElo "1998"]
[BlackElo "2008"]
[PlyCount "73"]
[EventDate "2016.10.08"]
[EventType "team-tourn"]
[EventRounds "11"]
[EventCountry "SVK"]
[SourceTitle "EXT 2018"]
[Source "ChessBase"]
[SourceDate "2017.10.13"]
[SourceVersion "1"]
[SourceVersionDate "2017.10.13"]
[SourceQuality "1"]
[WhiteTeam "Sered MSK"]
[BlackTeam "Bratislava Slovan V"]
[WhiteTeamCountry "SVK"]
[BlackTeamCountry "SVK"]

1. e4 Nf6 2. e5 Nd5 3. d4 d6 4. Nf3 Nb6 5. Be2 g6 6. 0-0 Bg7 7. Bf4 0-0 8. Qd2 Re8 9. Nc3 Nc6 10. Rad1 Bg4 11. Rfe1 dxe5 12. Nxe5 Nxe5 13. Bxe5 Bxe5 14. dxe5 Qxd2 15. Rxd2 Bxe2 16. Rdxe2 Rad8 17. g3 c6 18. f4 Rd4 19. Kf2 Red8 20. b3 Nd5 21. Ne4 b6 22. a3 Kg7 23. c4 Nc7 24. Re3 a5 25. h3 R8d7 26. Ng5 Ne6 27. Nxe6+ fxe6 28. R1e2 a4 29. Rc2 h6 30. bxa4 Rd2+ 31. Rxd2 Rxd2+ 32. Kf3 Rc2 33. Rb3 Rxc4 34. Rxb6 Rxa4 35. Rxc6 Rxa3+ 36. Kg4 Kf7 37. Rc8 1/2-1/2

[Event "SVK-chT3A2 1516"]
[Site "Slovakia"]
[Date "2016.03.20"]
[Round "10.6"]
[White "Zigo, Rastislav"]
[Black "Fidericky, Milan"]
[Result "1-0"]
[WhiteElo "1999"]
[BlackElo "1751"]
[PlyCount "83"]
[EventDate "2015.10.11"]
[EventType "team-tourn"]
[EventRounds "11"]
[EventCountry "SVK"]
[SourceTitle "EXT 2020"]
[Source "ChessBase"]
[SourceDate "2019.10.17"]
[SourceVersion "1"]
[SourceVersionDate "2019.10.17"]
[SourceQuality "1"]
[WhiteTeam "Sered MSK"]
[BlackTeam "Senica SK"]
[WhiteTeamCountry "SVK"]
[BlackTeamCountry "SVK"]

1. e4 e5 2. Nf3 Nf6 3. Nxe5 d6 4. Nf3 Nxe4 5. Nc3 Nxc3 6. dxc3 Be7 7. Bd3 Bg4 8. h3 Be6 9. Be3 Nd7 10. Qd2 Ne5 11. Nxe5 dxe5 12. 0-0 f5 13. Qe2 0-0 14. Bc4 Qc8 15. Rad1 Bd6 16. Rfe1 Bxc4 17. Qxc4+ Kh8 18. Bc5 Rf6 19. Bxd6 cxd6 20. Qb4 Qc6 21. Qb3 Rc8 22. Qd5 Qb6 23. b3 h6 24. c4 Rc5 25. Qd3 Qc6 26. Re3 f4 27. Ree1 Qc8 28. Qf3 b5 29. cxb5 Rxc2 30. a4 Qc5 31. Re2 Rc3 32. Qa8+ Kh7 33. Qe4+ Rg6 34. b4 Qb6 35. Kh2 Qc7 36. Rd3 Rc4 37. Qf5 e4 38. Rxe4 Rxe4 39. Qxe4 d5 40. Rxd5 f3+ 41. g3 Qb7 42. Qd3 1-0

[Event "SVK-chT3A2 1516"]
[Site "Slovakia"]
[Date "2016.01.31"]
[Round "7.2"]
[White "Zigo, Rastislav"]
[Black "Mihalik, Anton"]
[Result "1-0"]
[WhiteElo "1999"]
[BlackElo "1947"]
[PlyCount "127"]
[EventDate "2015.10.11"]
[EventType "team-tourn"]
[EventRounds "11"]
[EventCountry "SVK"]
[SourceTitle "EXT 2020"]
[Source "ChessBase"]
[SourceDate "2019.10.17"]
[SourceVersion "1"]
[SourceVersionDate "2019.10.17"]
[SourceQuality "1"]
[WhiteTeam "Sered MSK"]
[BlackTeam "Piestany Kupele"]
[WhiteTeamCountry "SVK"]
[BlackTeamCountry "SVK"]

1. e4 c5 2. Nc3 Nc6 3. g3 g6 4. Bg2 Bg7 5. Nge2 e6 6. d3 Nge7 7. 0-0 0-0 8. Bg5 h6 9. Be3 Nd4 10. Rb1 Nec6 11. a3 Qe7 12. Nf4 Kh7 13. Nce2 d6 14. c3 Nxe2+ 15. Nxe2 Bd7 16. b4 Rab8 17. d4 cxb4 18. cxb4 a6 19. Qd2 Rfc8 20. Rfc1 b5 21. Rc2 Nd8 22. Rbc1 Rxc2 23. Rxc2 Rc8 24. Rxc8 Bxc8 25. Qc1 Bb7 26. d5 Qd7 27. Bh3 Qc8 28. Qxc8 Bxc8 29. Bb6 Nb7 30. Nf4 g5 31. dxe6 fxe6 32. Nxe6 Bxe6 33. Bxe6 Bf6 34. Bc8 Nd8 35. Bxd8 Bxd8 36. Bxa6 Bf6 37. Bxb5 Bb2 38. Bc6 Bxa3 39. b5 Bc5 40. Kg2 Kg6 41. f4 Kf6 42. h4 Bb6 43. Kf3 gxh4 44. gxh4 Ke7 45. Kg4 Be3 46. Kf5 Kf8 47. e5 dxe5 48. fxe5 Ke7 49. e6 Bf2 50. h5 Bb6 51. Ke5 Bf2 52. Kd5 Bb6 53. Bd7 Kd8 54. Kc6 Be3 55. b6 Bf4 56. Kd5 Be3 57. b7 Bf4 58. Ke4 Bd6 59. Kf5 Ke7 60. Kg6 Bf4 61. Bc8 Kf8 62. Kf5 Bd6 63. Kf6 Ke8 64. e7 1-0

[Event "SVK-chT3A2 1516"]
[Site "Slovakia"]
[Date "2015.10.25"]
[Round "2.3"]
[White "Vogl, Zdenek"]
[Black "Zigo, Rastislav"]
[Result "0-1"]
[WhiteElo "1906"]
[BlackElo "1999"]
[PlyCount "58"]
[EventDate "2015.10.11"]
[EventType "team-tourn"]
[EventRounds "11"]
[EventCountry "SVK"]
[SourceTitle "EXT 2020"]
[Source "ChessBase"]
[SourceDate "2019.10.17"]
[SourceVersion "1"]
[SourceVersionDate "2019.10.17"]
[SourceQuality "1"]
[WhiteTeam "Skalica II"]
[BlackTeam "Sered MSK"]
[WhiteTeamCountry "SVK"]
[BlackTeamCountry "SVK"]

1. e4 c5 2. Nf3 Nc6 3. d4 cxd4 4. Nxd4 a6 5. Be3 d6 6. Be2 Nf6 7. Nc3 e6 8. Qd2 Be7 9. h3 Qc7 10. a3 0-0 11. 0-0 Ne5 12. Nf3 Nc4 13. Bxc4 Qxc4 14. e5 dxe5 15. Nxe5 Qc7 16. f4 b5 17. Qf2 Nd7 18. Nxd7 Bxd7 19. Ne4 Rac8 20. c3 Rfd8 21. Bb6 Qc4 22. Bxd8 Rxd8 23. Qc2 Bc6 24. Ng5 g6 25. Rad1 Rxd1 26. Qxd1 h6 27. Nf3 Qxf4 28. Nd4 Qe3+ 29. Kh1 Qxh3+ 0-1

[Event "SVK-chT4 A22 1415"]
[Site "Slovakia"]
[Date "2014.12.07"]
[Round "5.2"]
[White "Zigo, Rastislav"]
[Black "Gogora, Kristian"]
[Result "0-1"]
[WhiteElo "1974"]
[BlackElo "1528"]
[PlyCount "88"]
[EventDate "2014.10.12"]
[EventType "team-tourn"]
[EventRounds "11"]
[EventCountry "SVK"]
[SourceTitle "EXT 2019"]
[Source "ChessBase"]
[SourceDate "2018.10.10"]
[SourceVersion "1"]
[SourceVersionDate "2018.10.10"]
[SourceQuality "1"]

1. g3 g6 2. Bg2 d5 3. e3 Bg7 4. Ne2 Nf6 5. c4 c6 6. d4 Bg4 7. Nbc3 0-0 8. h3 Bf5 9. cxd5 Nxd5 10. Nxd5 cxd5 11. Qb3 Nc6 12. Qxb7 Qd6 13. 0-0 Rab8 14. Qa6 Rb6 15. Qa4 Bd3 16. Qd1 Nb4 17. Bd2 Nc2 18. Rc1 Rxb2 19. Bc3 Nxd4 20. Nxd4 Bxf1 21. Bxb2 Bc4 22. Qa4 Qb6 23. Bc3 e5 24. Nb3 Rb8 25. Na5 Bb5 26. Qa3 d4 27. exd4 exd4 28. Bd2 Re8 29. Nb3 Re2 30. Qc5 Qf6 31. f4 a6 32. Qc8+ Bf8 33. Re1 d3 34. Bf3 Qb6+ 35. Kh1 Rxd2 36. Nxd2 Qf2 37. Rg1 Qxd2 38. Qc1 Qf2 39. Qf1 Qe3 40. Qd1 Bc5 41. Rg2 Bb4 42. Kh2 d2 43. Be2 Bc6 44. Qg1 Qc3 0-1

[Event "SVK-chT4 A22 1314"]
[Site "Slovakia"]
[Date "2013.11.17"]
[Round "4.2"]
[White "Lopatievov, Alexander"]
[Black "Zigo, Rastislav"]
[Result "0-1"]
[WhiteElo "1936"]
[BlackElo "1963"]
[PlyCount "102"]
[EventDate "2013.10.06"]
[EventType "team-tourn"]
[EventRounds "11"]
[EventCountry "SVK"]
[SourceTitle "EXT 2015"]
[Source "ChessBase"]
[SourceDate "2014.11.20"]
[SourceVersion "1"]
[SourceVersionDate "2014.11.20"]
[SourceQuality "1"]
[WhiteTeam "Trnava Modranka II"]
[BlackTeam "Sered MSK"]
[WhiteTeamCountry "SVK"]
[BlackTeamCountry "SVK"]

1. c4 e5 2. Nc3 Nc6 3. Nf3 Nf6 4. e4 Bb4 5. d3 0-0 6. Bd2 d6 7. Be2 Bxc3 8. Bxc3 Ne7 9. b4 Ng6 10. Bd2 h6 11. 0-0 Bg4 12. h3 Be6 13. Nh2 Nh7 14. Bg4 Qd7 15. Bxe6 Qxe6 16. Qc1 f5 17. f3 f4 18. c5 Rad8 19. c6 b6 20. Ng4 h5 21. Nf2 Ne7 22. b5 Rf6 23. Qc4 d5 24. exd5 Qxd5 25. Ne4 Rg6 26. Bc3 Kh8 27. Rfd1 Nf5 28. Qxd5 Rxd5 29. a4 Nh4 30. Ra2 Nxf3+ 31. Kf2 Nh4 32. Kf1 Nf5 33. Rdd2 Nf6 34. Ke1 Ne3 35. Rab2 Ne8 36. Ra2 Nd6 37. Bb4 Ndf5 38. Bc3 Nh4 39. d4 exd4 40. Bxd4 Nhxg2+ 41. Ke2 Rf5 42. Bxe3 Nxe3 43. Rd8+ Kh7 44. Rd7 Rg2+ 45. Nf2 Nd5 46. Rd2 f3+ 47. Kd1 Ne3+ 48. Kc1 Rc5+ 49. Kb1 Rg1+ 50. Ka2 Rc3 51. Kb2 Rgc1 0-1

[Event "SVK-chT4 A22 1213"]
[Site "Slovakia"]
[Date "2012.11.25"]
[Round "4.3"]
[White "Zigo, Rastislav"]
[Black "Hornak, Pavol"]
[Result "1/2-1/2"]
[WhiteElo "1992"]
[BlackElo "1753"]
[PlyCount "61"]
[EventDate "2012.10.14"]
[EventType "team-tourn"]
[EventRounds "11"]
[EventCountry "SVK"]
[SourceTitle "EXT 2015"]
[Source "ChessBase"]
[SourceDate "2014.11.20"]
[SourceVersion "1"]
[SourceVersionDate "2014.11.20"]
[SourceQuality "1"]
[WhiteTeam "Sered MSK"]
[BlackTeam "Cifer II"]
[WhiteTeamCountry "SVK"]
[BlackTeamCountry "SVK"]

1. e4 c5 2. Nf3 a6 3. c4 Nc6 4. d4 cxd4 5. Nxd4 e5 6. Nf5 d6 7. Nc3 Bxf5 8. exf5 Nf6 9. Be3 Be7 10. Be2 0-0 11. 0-0 Re8 12. Kh1 Bf8 13. g4 e4 14. g5 Nd7 15. a3 Ne7 16. Qxd6 Nxf5 17. Qf4 g6 18. Nxe4 Bg7 19. Rad1 Qe7 20. Nc3 Be5 21. Qf3 Bxc3 22. bxc3 Ne5 23. Qf4 Nxe3 24. fxe3 Qxa3 25. Rb1 Qe7 26. Rb6 Nc6 27. Bd1 Rab8 28. Ba4 Qe5 29. Qxf7+ Kh8 30. Qf6+ Kg8 31. Qf7+ 1/2-1/2

[Event "SVK-chT4 A22 1213"]
[Site "Slovakia"]
[Date "2012.10.28"]
[Round "2.3"]
[White "Zigo, Rastislav"]
[Black "Csefalvay, Stefan"]
[Result "1/2-1/2"]
[WhiteElo "1992"]
[BlackElo "1912"]
[PlyCount "97"]
[EventDate "2012.10.14"]
[EventType "team-tourn"]
[EventRounds "11"]
[EventCountry "SVK"]
[SourceTitle "EXT 2015"]
[Source "ChessBase"]
[SourceDate "2014.11.20"]
[SourceVersion "1"]
[SourceVersionDate "2014.11.20"]
[SourceQuality "1"]
[WhiteTeam "Sered MSK"]
[BlackTeam "Velky Meder MSK Corvin"]
[WhiteTeamCountry "SVK"]
[BlackTeamCountry "SVK"]

1. e4 c5 2. Nc3 Nc6 3. g3 g6 4. Bg2 Bg7 5. Nge2 e6 6. 0-0 Nge7 7. d3 0-0 8. Be3 b6 9. Qd2 Bb7 10. Bh6 Bxh6 11. Qxh6 d5 12. Nf4 d4 13. Nce2 Kh8 14. Nh3 Ng8 15. Qf4 Qf6 16. e5 Qxf4 17. Nexf4 Rab8 18. Rfe1 h6 19. a3 Nge7 20. g4 Kg7 21. Kf1 Na5 22. b4 Bxg2+ 23. Kxg2 Nac6 24. b5 Na5 25. Rab1 Rfd8 26. Re4 Rbc8 27. Kg3 Nb7 28. f3 Kf8 29. Ng1 g5 30. Nh5 Nd5 31. Rb2 Ke7 32. h4 Rg8 33. hxg5 hxg5 34. Nh3 Nc3 35. Re1 c4 36. Nf2 Na5 37. Rb4 cxd3 38. cxd3 Rgd8 39. Nf6 Nd5 40. Rxd4 Nxf6 41. exf6+ Kxf6 42. Rxd8 Rxd8 43. Rc1 Rd7 44. Ne4+ Kg6 45. Rc8 f5 46. gxf5+ exf5 47. Nf2 Nb3 48. Rg8+ Kf6 49. Rf8+ 1/2-1/2